Broom’s legal maxims (Record no. 27829)

MARC details
000 -LEADER
fixed length control field 00430nam a2200193Ia 4500
020 ## - INTERNATIONAL STANDARD BOOK NUMBER
ISBN 9788175349476
050 ## - CALL MARK
Classification number K 124 .C5/
100 ## - STATEMENT OF RESPONSIBILITY--MAIN AUTHOR NAME
Personal name Chaturveddi, R.G.
245 #0 - TITLE STATEMENT
Title Broom’s legal maxims
250 ## - EDITION / VOLUME STATEMENT
Edition / Volume statement 11th ed.
260 ## - PUBLICATION, DISTRIBUTION, ETC. (IMPRINT)
Place of publication New Delhi
260 ## - PUBLICATION, DISTRIBUTION, ETC. (IMPRINT)
Name of publisher Universal
260 ## - PUBLICATION, DISTRIBUTION, ETC. (IMPRINT)
Year of publication 2011
300 ## - PHYSICAL DESCRIPTION
Number of Pages 694 p
650 ## - SUBJECT ADDED ENTRY--TOPICAL TERM
Topical Term MAXIMS.
942 ## - ADDED ENTRY ELEMENTS (KOHA)
Koha item type Books
Holdings
Withdrawn status Lost status Source of classification or shelving scheme Damaged status Not for loan Permanent Location Current Location Date acquired Accession Number Price effective from Koha item type
    Library of Congress Classification     NILE UNIVERSITY OF NIGERIA - MAIN LIBRARY NILE UNIVERSITY OF NIGERIA - MAIN LIBRARY 04/23/2025 0184439 04/23/2025 Books